Zvýšenie dôchodkov v roku 1998, úprava dôchodkov v roku 1999 a zmeny v oblasti dôchodkového zabezpečenia

Zákonná úprava dôchodkov v roku 1998. Zvýšenie dôchodkov v roku 1998. Úprava dôchodkov v r. 1999. Úprava najvyšších výmer dôchodkov, úhrnu vyplácaných dôchodkov a najvyššej výmery úhrnu dôchodku a zvýšenia dôchodku pre bezvládnosť. Spoločné zásady zvýšenia a úpravy dôchodkov. Zmeny v oblasti dôchodk...

ver descrição completa

Na minha lista:
Detalhes bibliográficos
Autor principal: Bolješiková, Jindra
Formato: Capítulo de Livro
Idioma:eslovaco
Assuntos:
Tags: Adicionar Tag
Sem tags, seja o primeiro a adicionar uma tag!

MARC

LEADER 00000naa a2200000 4500
001 r032265
005 20230926072527.4
041 0 |a slo 
044 |a SK 
245 1 0 |a Zvýšenie dôchodkov v roku 1998, úprava dôchodkov v roku 1999 a zmeny v oblasti dôchodkového zabezpečenia  |c Jindra Bolješiková 
520 |a Zákonná úprava dôchodkov v roku 1998. Zvýšenie dôchodkov v roku 1998. Úprava dôchodkov v r. 1999. Úprava najvyšších výmer dôchodkov, úhrnu vyplácaných dôchodkov a najvyššej výmery úhrnu dôchodku a zvýšenia dôchodku pre bezvládnosť. Spoločné zásady zvýšenia a úpravy dôchodkov. Zmeny v oblasti dôchodkového zabezpečenia. 
610 2 0 |a dôchodky 
610 2 0 |a dôchodky invalidné 
610 2 0 |a dôchodky starobné 
610 2 0 |a dôchodky sociálne 
610 2 0 |a 1998 
610 2 0 |a 1999 
610 2 0 |a zabezpečenie dôchodkové 
610 2 0 |a zabezpečenie sociálne 
610 2 0 |a Slovensko 
610 2 0 |a úpravy právne 
100 1 |a Bolješiková, Jindra